000
00284nam a22001217a 4500
040
_c
HS
082
_a
633
100
_a
គុយ ហួត
245
_a
ដំណាំចំណីសត្វ forage crops
260
_a
RUA
_b
គុយ ហួត
_c
1997
300
_a
51p.
942
_c
KB
999
_c
8741
_d
8741